Match the Oscar-Winning Song to the Movie - Statistics

General Stats
  • This quiz has been taken 22 times
    3 since last reset
  • The average score is 62 of 92
Answer Stats
Oscar-Winning Song Movie % Correct
A Whole New World Aladdin
100%
Shallow A Star Is Born
100%
What Was I Made For? Barbie
100%
Beauty and the Beast Beauty and the Beast
100%
Raindrops Keep Fallin' on My Head Butch Cassidy and the Sundance Kid
100%
Remember Me Coco
100%
Days of Wine and Roses Days of Wine and Roses
100%
(I've Had) The Time of My Life Dirty Dancing
100%
El Mal Emilia Pérez
100%
Flashdance... What a Feeling Flashdance
100%
Let It Go Frozen
100%
Gigi Gigi
100%
The Ballad of High Noon High Noon
100%
Fight for You Judas and the Black Messiah
100%
Golden KPop Demon Hunters
100%
City of Stars La La Land
100%
Chim Chim Cher-ee Mary Poppins
100%
If I Didn't Have You Monsters, Inc.
100%
No Time to Die No Time to Die
100%
Streets of Philadelphia Philadelphia
100%
When You Wish Upon a Star Pinocchio
100%
Colors of the Wind Pocahontas
100%
(I'm Gonna) Love Me Again Rocketman
100%
Naatu Naatu RRR
100%
Theme from Shaft Shaft
100%
Skyfall Skyfall
100%
Jai Ho Slumdog Millionaire
100%
Zip-a-Dee-Doo-Dah Song of the South
100%
You'll Be in My Heart Tarzan
100%
Can You Feel the Love Tonight The Lion King
100%
Under the Sea The Little Mermaid
100%
Al otro lado del río The Motorcycle Diaries
100%
Man or Muppet The Muppets
100%
Over the Rainbow The Wizard of Oz
100%
My Heart Will Go On Titanic
100%
Take My Breath Away Top Gun
100%
We Belong Together Toy Story 3
100%
Lose Yourself 8 Mile
50%
High Hopes A Hole in the Head
50%
I Need to Wake Up An Inconvenient Truth
50%
Up Where We Belong An Officer and a Gentleman
50%
Best That You Can Do Arthur
50%
Evergreen A Star Is Born
50%
Born Free Born Free
50%
Moon River Breakfast at Tiffany's
50%
Secret Love Calamity Jane
50%
Mona Lisa Captain Carey, U.S.A.
50%
The Weary Kind Crazy Heart
50%
Sooner or Later Dick Tracy
50%
Talk to the Animals Doctor Dolittle
50%
Fame Fame
50%
Swinging on a Star Going My Way
50%
Lullaby of Broadway Gold Diggers of 1935
50%
In the Cool, Cool, Cool of the Evening Here Comes the Groom
50%
White Christmas Holiday Inn
50%
It's Hard out Here for a Pimp Hustle & Flow
50%
The Last Time I Saw Paris Lady Be Good
50%
Love Is a Many-Splendored Thing Love Is a Many-Splendored Thing
50%
I'm Easy Nashville
50%
Baby, It's Cold Outside Neptune's Daughter
50%
Never on Sunday Never on Sunday
50%
Falling Slowly Once
50%
Call Me Irresponsible Papa's Delicate Condition
50%
Glory Selma
50%
Writing's on the Wall Spectre
50%
It Might as Well Be Spring State Fair
50%
Last Dance Thank God It's Friday
50%
Thanks for the Memory The Big Broadcast of 1938
50%
The Continental The Gay Divorcee
50%
On the Atchison, Topeka and the Santa Fe The Harvey Girls
50%
Into the West The Lord of the Rings: The Return of the King
50%
Que Sera, Sera The Man Who Knew Too Much
50%
Buttons and Bows The Paleface
50%
The Morning After The Poseidon Adventure
50%
When You Believe The Prince of Egypt
50%
The Shadow of Your Smile The Sandpiper
50%
The Windmills of Your Mind The Thomas Crown Affair
50%
We May Never Love Like This Again The Towering Inferno
50%
The Way We Were The Way We Were
50%
I Just Called to Say I Love You The Woman in Red
50%
Three Coins in the Fountain Three Coins in the Fountain
50%
Sweet Leilani Waikiki Wedding
50%
Say You, Say Me White Nights
50%
Things Have Changed Wonder Boys
50%
Let the River Run Working Girl
50%
You Light Up My Life You Light Up My Life
50%
You Must Love Me Evita
0%
You'll Never Know Hello, Frisco, Hello
0%
For All We Know Lovers and Other Strangers
0%
It Goes Like It Goes Norma Rae
0%
The Way You Look Tonight Swing Time
0%
All the Way The Joker Is Wild
0%
No matching quizzes found
Score Distribution
Percent of People with Each Score
Percentile by Number Answered
Your Score History
You have not taken this quiz since the last reset